00885nam a2200229 a 4500001001000000003000500010005001700015008004100032010001100073011001100084040000900095100003000104245015000134260004100284500006000325502007900385650002600464650002800490650005100518856001600569856007000585000113745CHAP20220329144411.0170913s2017 mx a fsm |||||||spa d a110206 a111178 cCHAP1 aCastillo Cazares, Paulina10aEtiología y control químico in vitro de la pudrición de raíz en aretillo (Fuchsia decidua) /h[En línea]cpor Paulina Castillo Cazares. aChapingo, Méx. :bEl autor,c2017. aPara ver el contenido del material haga clic en la liga aTesis (Agr. en Horticultura Protegida) -- UACH. Departamento de Fitotecnia14aFloresxEnfermedades.14aFungicidasxAnálisis.14aPlantas ornamentalesxEnfermedades por hongos. a1 n0001400 aFinding aiduhttp://10.13.5.2/tesis/sist113745.pdfzTeclea aquí